Australian literature : (Record no. 17660)
[ view plain ]
| 000 -LEADER | |
|---|---|
| fixed length control field | 00999nam a22002532a 4500 |
| 001 - CONTROL NUMBER | |
| control field | 17660 |
| 003 - CONTROL NUMBER IDENTIFIER | |
| rucl marc code | BD-RjUL |
| 005 - DATE AND TIME OF LATEST TRANSACTION | |
| control field | 20211209000156.0 |
| 008 - FIXED-LENGTH DATA ELEMENTS--GENERAL INFORMATION | |
| fixed length control field | 140217s1956 at b 000 0 eng c |
| 035 ## - SYSTEM CONTROL NUMBER | |
| System control number | (BD-RjUL)17718 |
| -- | OCLC ocm01191433 from D960702M |
| 040 ## - CATALOGING SOURCE | |
| Original cataloging agency | Oklahoma. Univ. Libr. |
| Transcribing agency | CWR |
| Modifying agency | SER |
| -- | OCL |
| -- | EQO |
| -- | BD-RjUL |
| Language of cataloging | eng |
| 041 ## - LANGUAGE CODE | |
| Language code of text/sound track or separate title | eng |
| 082 00 - DEWEY DECIMAL CLASSIFICATION NUMBER | |
| Classification number | 016.82 |
| Author mark and year | MIA 1956 |
| 100 1# - MAIN ENTRY--PERSONAL NAME | |
| Personal name | Miller, Edmund Morris, |
| Dates associated with a name | 1881-1964. |
| 9 (RLIN) | 54431 |
| 245 10 - TITLE STATEMENT | |
| Title | Australian literature : |
| Remainder of title | a bibliography to 1938 / |
| Statement of responsibility, etc. | by Edmund Morris Miller ; extended to 1950 / Edited with a historical outline and descriptive commentaries by Frederick T. Macartney |
| 250 ## - EDITION STATEMENT | |
| Edition statement | Rev. and extended ed. |
| 260 ## - PUBLICATION, DISTRIBUTION, ETC. (IMPRINT) | |
| Place of publication, distribution, etc. | Sydney : |
| Name of publisher, distributor, etc. | Angus and Robertson, |
| Date of publication, distribution, etc. | 1956. |
| 300 ## - PHYSICAL DESCRIPTION | |
| Pagination | vii, 503 p. ; |
| Size | 26 cm |
| 650 #0 - SUBJECT ADDED ENTRY--TOPICAL TERM | |
| Topical term or geographic name as entry element | Australian literature |
| Form subdivision | Bibliography |
| 9 (RLIN) | 54432 |
| 651 #0 - SUBJECT ADDED ENTRY--GEOGRAPHIC NAME | |
| Geographic name | Australia |
| General subdivision | Bibliography |
| 9 (RLIN) | 54435 |
| 700 1# - ADDED ENTRY--PERSONAL NAME | |
| Personal name | Macartney, Frederick T. |
| Fuller form of name | (Frederick Thomas), ed. |
| Dates associated with a name | 1887-1980 |
| 942 ## - ADDED ENTRY ELEMENTS (KOHA) | |
| Source of classification or shelving scheme | Dewey Decimal Classification |
| Koha item type | Reference |
| Lost status | Source of classification or shelving scheme | Damaged status | Not for loan | Collection code | Permanent Location | Current Location | Shelving location | Date acquired | Source of acquisition | Total Checkouts | Full call number | Date last seen | Copy number | Koha item type |
|---|---|---|---|---|---|---|---|---|---|---|---|---|---|---|
| Dewey Decimal Classification | Not For Loan | Reference | Central Library, University of Rajshahi | Central Library, University of Rajshahi | 17/03/1959 | colombo plan | R 016.82 MIA 1956 | 17/02/2014 | C-1 | Reference |